| 000 | 00740nam a2200205 a 4500 | ||
|---|---|---|---|
| 001 | 000043217 | ||
| 005 | 20201002040730.0 | ||
| 008 | 140225s2001 pr 000 0 spa d | ||
| 020 | _a1563280175 | ||
| 040 |
_aDO-SdBNP _bspa _cBNPHU |
||
| 082 |
_axxx _bT594L, 2001 |
||
| 100 | 1 |
_aTió, Salvador, _d1911- _970810 |
|
| 245 | 1 | 0 |
_aLengua mayor : _bensayos sobre el español de aquí y de allá / _cSalvador Tió. |
| 260 |
_aSan Juan, Puerto Rico : _bPlaza Mayor, _c2001. |
||
| 300 |
_axvii, 188 p. : _bil., ; _c24 cm. |
||
| 490 | 1 | _aBiblioteca de autores de Puerto Rico | |
| 500 | _aIncluye referencias bibliográficas y notas al pie de las páginas. | ||
| 504 | _aBibliografía : p. 42 | ||
| 830 | 0 |
_aBiblioteca de autores de Puerto Rico _99722 |
|
| 999 |
_c42706 _d42706 |
||